<?xml version="1.0" encoding="UTF-8"?>
<record
    xmlns:xsi="http://www.w3.org/2001/XMLSchema-instance"
    xsi:schemaLocation="http://www.loc.gov/MARC21/slim http://www.loc.gov/standards/marcxml/schema/MARC21slim.xsd"
    xmlns="http://www.loc.gov/MARC21/slim">

  <leader>00308nam a22001097a 4500</leader>
  <controlfield tag="008">150820b        xxu||||| |||| 00| 0 eng d</controlfield>
  <datafield tag="020" ind1=" " ind2=" ">
    <subfield code="a">0465097278</subfield>
  </datafield>
  <datafield tag="082" ind1=" " ind2=" ">
    <subfield code="a">309.173 BELL</subfield>
  </datafield>
  <datafield tag="100" ind1=" " ind2=" ">
    <subfield code="a">BELL, DANIEL</subfield>
  </datafield>
  <datafield tag="245" ind1=" " ind2=" ">
    <subfield code="a">THE CULTURE CONTRADICTIONS OF CAPITALISM</subfield>
  </datafield>
  <datafield tag="260" ind1=" " ind2=" ">
    <subfield code="a">NEW YORK</subfield>
    <subfield code="b">BASIC BOOKS, INC., PUBLISHERS</subfield>
    <subfield code="c">1978</subfield>
  </datafield>
  <datafield tag="999" ind1=" " ind2=" ">
    <subfield code="c">346</subfield>
    <subfield code="d">346</subfield>
  </datafield>
  <datafield tag="952" ind1=" " ind2=" ">
    <subfield code="0">0</subfield>
    <subfield code="1">0</subfield>
    <subfield code="2">ddc</subfield>
    <subfield code="4">0</subfield>
    <subfield code="6">309_173000000000000_BELL</subfield>
    <subfield code="7">0</subfield>
    <subfield code="9">506</subfield>
    <subfield code="a">1000</subfield>
    <subfield code="b">1000</subfield>
    <subfield code="c">Ground Floor </subfield>
    <subfield code="d">2015-08-20</subfield>
    <subfield code="l">0</subfield>
    <subfield code="o">309.173 BELL</subfield>
    <subfield code="p">000000011841</subfield>
    <subfield code="r">2019-07-29</subfield>
    <subfield code="w">2015-08-20</subfield>
    <subfield code="y">BOOKS</subfield>
  </datafield>
</record>
